Auditoría de la de Democracia: Ecuador /
Este documento se fundamenta en el estudio investigativo que hasta la fecha constituye el esfuerzo de mayor magnitud entre los estudios cuantitativos y analíticos de la cultura política ecuatoriana. Mediante una muestra nacional tomada en noviembre de 2001, con entrevista directa a más de 5000 hogar...
Uloženo v:
| Hlavní autor: | |
|---|---|
| Další autoři: | |
| Médium: | Text |
| Jazyk: | Spanish |
| Vydáno: |
Quito:
CEDATOS
2002
|
| Témata: | |
| Tagy: |
Přidat tag
Žádné tagy, Buďte první, kdo vytvoří štítek k tomuto záznamu!
|
MARC
| LEADER | 00000 a a2200000 04500 | ||
|---|---|---|---|
| 001 | 30370 | ||
| 003 | cru CIDCACS/IIS | ||
| 005 | 20230626084853.0 | ||
| 008 | 230626e2002 ec ||||| |||| 00| 0 spa d | ||
| 020 | |a 9978-42-413-X | ||
| 040 | |c CRAI/IIS | ||
| 090 | |a 04.02.02 S465au | ||
| 100 | |a Seligson, Mitchell A. | ||
| 245 | |a Auditoría de la de Democracia: Ecuador / |c Mitchell A. Seligson | ||
| 260 | |a Quito: |b CEDATOS |c 2002 | ||
| 300 | |a 215 páginas | ||
| 520 | |a Este documento se fundamenta en el estudio investigativo que hasta la fecha constituye el esfuerzo de mayor magnitud entre los estudios cuantitativos y analíticos de la cultura política ecuatoriana. Mediante una muestra nacional tomada en noviembre de 2001, con entrevista directa a más de 5000 hogares residentes en áreas urbanas y rurales de las 21 provincias del país. El texto consta de siete capítulos, el primero toca los aspectos relacionados con la teoría y el método de investigación, el segundo sobre el tema del apoyo a la democracia estable, el tercer capitulo hace referencia a los valores antidemocráticos, el cuarto al tema del gobierno local y democracia, el quinto al Estado de Derecho, el sexto a la corrupción y democracia y, finalmente el séptimo capitulo habla sobre el participación de la sociedad civil | ||
| 650 | |a DEMOCRACIA | ||
| 650 | |a POLITICA | ||
| 650 | |a GOBIERNO LOCAL | ||
| 650 | |a PARTICIPACION SOCIAL | ||
| 650 | |a ESTADO | ||
| 650 | |a CORRUPCION | ||
| 650 | |a ECUADOR | ||
| 700 | |a Córdova C., A. Polibio |a ed. | ||
| 942 | |2 ddc |c LI |h 04.02.02 S465au |i 05188 |6 040202_S465AU_05188 | ||
| 999 | |c 1292 |d 1292 | ||



